Dinámica de un bosque seco, semideciduo y secundario en el oeste del Ecuador (Registro nro. 9863)

Detalles MARC
000 -CABECERA
Campo de control 005880000a22001690004500
090 ## - CLASIFICACIÓN LOCAL
Colección AR
Consecutivo 00772
041 0# - IDIOMA
Código de idioma para texto/pista de sonido o título separado
100 1# - ASIENTO PRINCIPAL--NOMBRE PERSONAL
Nombre personal Josse, Carmen
245 10 - MENCION DE TITULO
Título Dinámica de un bosque seco, semideciduo y secundario en el oeste del Ecuador
650 14 - ASIENTO SECUNDARIO DE MATERIA - TERMINO TEMATICO
Término temático o nombre geográfico como elemento de entrada Bosques sucesionales
650 14 - ASIENTO SECUNDARIO DE MATERIA - TERMINO TEMATICO
Término temático o nombre geográfico como elemento de entrada Bosques secos tropicales
650 14 - ASIENTO SECUNDARIO DE MATERIA - TERMINO TEMATICO
Término temático o nombre geográfico como elemento de entrada Restauración del Bosque
650 14 - ASIENTO SECUNDARIO DE MATERIA - TERMINO TEMATICO
Término temático o nombre geográfico como elemento de entrada Tasas de crecimiento
651 #4 - ASIENTO SECUNDARIO DE MATERIA - NOMBRE GEOGRAFICO
-- Parque Nacional Machalilla
-- Ecuador
773 1# - Item fuente:
Título Estudios sobre Diversidad y Ecología de Plantas
Especificación de materiales 291
Paginas del Articulo 241-253
Lugar, editorial y fecha de publicación 1997
942 ## - ELEMENTOS ADICIONALES (KOHA)
Tipo de ítem Artículo
Existencias
Withdrawn status Lost status Sistema de Clasificación Damaged status No para préstamo Colección Ubicación Permanente Ubicación actual Fecha de adquisición Datos de publicación Seriada Total Checkouts Número topográfico Inventario / Código de Barras Date last seen Ejemplar Price effective from Tipo de material
    Dewey Decimal Classification   No para Préstamo Hemeroteca Villa de Leyva Villa de Leyva 27/02/2015 Fuera de circulación   AR 00772 011092 25/03/2015 1 25/03/2015 Artículo